000 00534nam a2200169Ia 4500
008 090711s9999 xx 000 0 und d
082 _b7401
100 _aसबनीस राजाराम प.
245 _aमेघदूत
260 _bकॉन्टिनेन्टल प्रकाशन
_c1958
300 _a83
600 _aसबनीस राजाराम प.
630 _aमेघदूत
700 _aसबनीस राजाराम प.
730 _aमेघदूत
942 _cBOOK
999 _c288930
_d288930